Jan Svoboda

Hlavní autor: Svoboda, Jan, 1957 červen 7.-
Jazyk: Čeština
Vydáno: [Nove Město na Moravě] : [Jana Vránová], [1995]
Témata:
Fyzický popis: 8 listů : barevné ilustrace ; 30 cm
Knihy
Uloženo v:
LEADER 01564nam a2200469 i 4500
001 001846498
003 CZ BrMZK
005 20230414073606.0
007 ta
008 230126s1995 xr a e 000 0 cze
020 |q (Volné listy v obalu) 
040 |a BOA001  |b cze  |e rda 
043 |a e-xr--- 
045 |a x9x9 
072 7 |a 75  |x Malířství  |2 Konspekt  |9 21 
080 |a 75(437.3)  |2 MRF 
080 |a 75.036/.038  |2 MRF 
080 |a (437.3)  |2 MRF 
080 |a (084.11)  |2 MRF 
100 1 |a Svoboda, Jan,  |d 1957 červen 7.-  |7 jx20050513006  |4 art 
245 1 0 |a Jan Svoboda 
264 1 |a [Nove Město na Moravě] :  |b [Jana Vránová],  |c [1995] 
300 |a 8 listů :  |b barevné ilustrace ;  |c 30 cm 
336 |a text  |b txt  |2 rdacontent 
336 |a statický obraz  |b sti  |2 rdacontent 
337 |a bez média  |b n  |2 rdamedia 
338 |a svazek  |b nc  |2 rdacarrier 
500 |a Název z obalu 
500 |a Listy v papírovém obalu 
600 1 7 |a Svoboda, Jan,  |d 1957 červen 7.-  |7 jx20050513006 
648 7 |a 20. století  |7 ch460558 
648 4 |a 1994-1995 
650 0 7 |a české malířství  |7 ph116864  |y 20. století  |2 czenas 
650 0 7 |a moderní malířství  |z Česko  |7 ph122940  |2 czenas 
650 0 9 |a Czech painting  |y 20th century  |2 eczenas 
650 0 9 |a modern painting  |z Czechia  |2 eczenas 
655 7 |a obrazové publikace  |7 fd132947  |2 czenas 
655 9 |a pictorial works  |2 eczenas 
910 |a BOA001  |b 4-1503.535 
990 |a BK 
991 |b 202304 
996 6 |b 2610933581  |c 4-1503.535  |l MZK  |r Sklad / do 1 hodiny  |n 0  |p dar  |w 001918186  |u 000010  |a 1  |e BOA001  |j MZK50  |s P